[Event "POR-CHN m Macau"]
[Site "?"]
[Date "1996.??.??"]
[Round "?"]
[White "Galego, Luis"]
[Black "Ye JiangChuan"]
[Result "1-0"]
[WhiteElo "2445"]
[BlackElo "2560"]
[PlyCount "87"]
[EventDate "1996.??.??"]
[Source "www.chesslib.no"]
[SourceDate "2004.05.04"]

1. c4 Nf6 2. Nc3 g6 3. g3 Bg7 4. Bg2 O-O 5. e3 d6 6. Nge2 e5 7. O-O Re8 8. d3 Nbd7 9. Rb1 Nf8 10. b4 h5 11. h3 N8h7 12. e4 Be6 13. Bd2 c6 14. f4 Qd7 15. Kh2 b5 16. cxb5 cxb5 17. Qe1 Rac8 18. Qf2 Qb7 19. f5 Bd7 20. fxg6 fxg6 21. Ng1 Bc6 22. Nf3 d5 23. exd5 Nxd5 24. Ne4 Red8 25. Nh4 Ndf6 26. Nc5 Qf7 27. Bxc6 Rxc6 28. Rbe1 Qxa2 29. Nxg6 Ng4+ 30. hxg4 Rxg6 31. Ra1 Qd5 32. gxh5 Rf6 33. Qe2 e4 34. Qg4 Kh8 35. h6 Rf2+ 36. Rxf2 Bxa1 37. Nxe4 Qxd3 38. Rf7 Qc2 39. Kh3 Qb1 40. Qf3 Bd4 41. Rxh7+ Kxh7 42. Ng5+ Kg8 43. h7+ Kh8 44. Nf7+ 1-0

[Event "GER CupT"]
[Site "GER"]
[Date "1994.??.??"]
[Round "2"]
[White "Bezold, Michael"]
[Black "Movsziszian, Karen"]
[Result "1/2-1/2"]
[WhiteElo "2515"]
[BlackElo "2490"]
[PlyCount "90"]
[EventDate "1994.??.??"]
[Source "www.chesslib.no"]
[SourceDate "2004.05.04"]

1. c4 Nf6 2. g3 g6 3. Bg2 Bg7 4. Nc3 O-O 5. Nf3 d6 6. O-O e5 7. b4 e4 8. Nd4 Re8 9. Bb2 h5 10. Qc2 c5 11. bxc5 dxc5 12. Nb3 Bf5 13. Nd5 Nxd5 14. Bxg7 Kxg7 15. cxd5 b6 16. Qc3+ Qf6 17. Qxf6+ Kxf6 18. f3 Kg7 19. Rf2 Na6 20. fxe4 Bxe4 21. Raf1 f5 22. Bxe4 Rxe4 23. d3 Re3 24. d6 Nb4 25. Nd2 Ree8 26. a3 Nc2 27. e4 Nd4 28. Nf3 Nxf3+ 29. Rxf3 Rad8 30. exf5 Rxd6 31. fxg6 Kxg6 32. Rf7 Re3 33. Rxa7 Rexd3 34. a4 c4 35. Rc7 Rc3 36. Rf2 Rc1+ 37. Kg2 c3 38. Kh3 Rf6 39. Re2 Kf5 40. Re3 Ra1 41. Rcxc3 Rxa4 42. Rf3+ Kg5 43. Rxf6 Kxf6 44. Rc6+ Kg5 45. Rxb6 Rc4 1/2-1/2

[Event "JUG Cup"]
[Site "Ulcinj"]
[Date "1997.??.??"]
[Round "?"]
[White "Simic, Radoslav"]
[Black "Ilincic, Zlatko"]
[Result "0-1"]
[WhiteElo "2440"]
[BlackElo "2565"]
[PlyCount "58"]
[EventDate "1997.??.??"]
[Source "www.chesslib.no"]
[SourceDate "2004.05.04"]

1. c4 Nf6 2. Nc3 g6 3. g3 Bg7 4. Bg2 O-O 5. e4 e5 6. Nge2 d6 7. d3 Be6 8. O-O Qd7 9. f4 Nc6 10. Nd5 Bg4 11. Be3 exf4 12. gxf4 Nxd5 13. cxd5 Nd4 14. Bxd4 Bxd4+ 15. Kh1 Bxb2 16. Rb1 Bg7 17. Rxb7 Rfb8 18. Rb3 a5 19. Bf3 a4 20. Rxb8+ Rxb8 21. f5 Bxf3+ 22. Rxf3 Rb2 23. Kg2 Rxa2 24. Kh3 a3 25. d4 Qe7 26. fxg6 hxg6 27. Nc3 Rb2 28. Na4 Rb4 29. Rxa3 Qxe4 0-1

[Event "Hastings 8384"]
[Site "Hastings"]
[Date "1983.??.??"]
[Round "8"]
[White "Karlsson, Lars"]
[Black "Mestel, A Jonathan"]
[Result "1-0"]
[WhiteElo "2505"]
[BlackElo "2500"]
[PlyCount "79"]
[EventDate "1983.12.??"]
[Source "ChessBase"]

1. c4 g6 2. Nc3 Bg7 3. g3 Nf6 4. Bg2 O-O 5. Nf3 d6 6. O-O e5 7. d3 Re8 8. Ne1 c6 9. e4 a6 10. Nc2 Nbd7 11. f4 exf4 12. gxf4 b5 13. d4 Nb6 14. c5 Bg4 15. Bf3 Bxf3 16. Qxf3 dxc5 17. dxc5 b4 18. Ne2 Nbd7 19. e5 Nd5 20. Ned4 Qe7 21. Be3 Qxc5 22. Bf2 Rac8 23. Rac1 Qa5 24. Nb3 Qa4 25. Ncd4 Ne7 26. e6 fxe6 27. Nxe6 Bxb2 28. Rcd1 c5 29. Ng5 h6 30. Qe2 hxg5 31. Qe6+ Kh8 32. Rxd7 Nf5 33. Qf7 Bg7 34. Nxc5 Qc6 35. fxg5 Rf8 36. Qb3 Qb5 37. Qh3+ Kg8 38. Qb3+ Kh8 39. Rb7 Qc6 40. Rd1 1-0

[Event "EU-chJ U20"]
[Site "EU-chJ U20 Siofok"]
[Date "1996.??.??"]
[Round "10"]
[White "Nisipeanu, Liviu-Dieter"]
[Black "Krakops, Maris"]
[Result "1-0"]
[WhiteElo "2515"]
[BlackElo "2490"]
[PlyCount "63"]
[EventDate "1996.??.??"]
[Source "www.chesslib.no"]
[SourceDate "2004.05.04"]

1. Nf3 Nf6 2. c4 g6 3. Nc3 Bg7 4. g3 O-O 5. Bg2 d6 6. O-O e5 7. d3 Re8 8. Nd2 c6 9. b4 d5 10. Rb1 Be6 11. b5 Nbd7 12. Ba3 Nb6 13. bxc6 bxc6 14. cxd5 cxd5 15. Nb5 Qd7 16. Bxd5 Bf5 17. e4 Qb7 18. Nc7 Qa6 19. Qe1 Bxe4 20. Nb5 Qxa3 21. Bb7 Qd6 22. Nf3 Re7 23. Qe2 Qd8 24. Rfe1 Qd4 25. Bc8 Qa4 26. Nc7 Bxf3 27. Qxf3 Nfd5 28. Re4 Nc4 29. dxc4 a6 30. Bf5 g5 31. Nxa6 Qb3 32. Kf1 1-0

[Event "Novi Sad ol (Men)"]
[Site "Novi Sad YUG"]
[Date "1990.??.??"]
[Round "6"]
[White "Ye Rongguang"]
[Black "Strikovic, Aleksa"]
[Result "1-0"]
[WhiteElo "2490"]
[BlackElo "2510"]
[PlyCount "158"]
[EventDate "1990.11.??"]
[Source "www.chesslib.no"]
[SourceDate "2004.05.04"]

1. c4 e5 2. Nc3 g6 3. g3 Bg7 4. Bg2 Nf6 5. d3 O-O 6. e4 d6 7. Nge2 c6 8. O-O Nbd7 9. Rb1 a5 10. a3 h5 11. Bg5 Nc5 12. b4 axb4 13. axb4 Ne6 14. Bd2 h4 15. Qc1 hxg3 16. fxg3 Ng4 17. Kh1 Qb6 18. Nd1 Nd4 19. Nec3 f5 20. Ne3 Nxe3 21. Bxe3 Qc7 22. Qd2 Ne6 23. Ne2 Ra3 24. Rbd1 Qe7 25. Qb2 Ra8 26. Qc1 Ra2 27. Rd2 Ra4 28. Qb1 f4 29. Bg1 g5 30. Qb3 Ra8 31. c5 Kh8 32. cxd6 Qxd6 33. g4 Nd4 34. Bxd4 exd4 35. Bf3 Be6 36. Qb1 Ra4 37. Rb2 Rfa8 38. Kg2 Be5 39. Rh1 Kg7 40. h3 Bf6 41. Rc1 Be5 42. Rc5 Ra2 43. Ra5 Ra3 44. Rxa8 Rxa8 45. Ng1 Bf6 46. Be2 Be7 47. Bd1 Ra3 48. Nf3 Rc3 49. Be2 Ra3 50. Qg1 Bf6 51. Kf2 b6 52. Qb1 Kg6 53. Qe1 b5 54. Qb1 Be7 55. Bd1 Rc3 56. Be2 Ra3 57. Bd1 Rc3 58. Be2 Bf6 59. Bd1 Qd7 60. Bb3 Bxb3 61. Rxb3 Qa7 62. Rb2 Qa3 63. Ra2 Qb3 64. Rb2 Qa3 65. Ra2 Qb3 66. Qxb3 Rxb3 67. e5 Be7 68. Nxd4 Rxd3 69. Nxc6 Bf8 70. Ra8 Rc3 71. Rxf8 Rxc6 72. Rg8+ Kh6 73. Rb8 Rc3 74. e6 Re3 75. Rb6 Kg7 76. Rxb5 Kf6 77. Rf5+ Kg6 78. h4 gxh4 79. Rxf4 Kg5 1-0

[Event "21st Open, Bratto ITA"]
[Site "?"]
[Date "2001.??.??"]
[Round "3"]
[White "Foisor, C."]
[Black "Epishin, V."]
[Result "0-1"]
[WhiteElo "2420"]
[BlackElo "2580"]
[PlyCount "148"]
[EventDate "2001.??.??"]
[Source "www.chesslib.no"]
[SourceDate "2004.05.04"]

1. g3 g6 2. Bg2 Bg7 3. c4 e5 4. Nc3 d6 5. d3 Nf6 6. e4 O-O 7. Nge2 a6 8. O-O Nbd7 9. h3 Re8 10. Be3 c6 11. b4 b5 12. cxb5 axb5 13. a4 bxa4 14. Rxa4 Rb8 15. Qa1 Nb6 16. Ra7 Be6 17. Rc1 Nc8 18. Ra6 Qd7 19. Qa4 Bxh3 20. Rxc6 Bg4 21. b5 Ne7 22. f3 Be6 23. Ra6 d5 24. d4 dxe4 25. fxe4 Ng4 26. d5 Bxd5 27. Ba7 Bb7 28. Bxb8 Rxb8 29. Bh3 Bxa6 30. Qxa6 h5 31. Rd1 Qc7 32. Bxg4 hxg4 33. Qd6 Qxd6 34. Rxd6 f5 35. Nd5 Nxd5 36. Rxd5 Bf6 37. Nc3 Rc8 38. Rd3 Bd8 39. Kg2 Kf7 40. Nd5 fxe4 41. Rb3 Ke6 42. Ne3 Bb6 43. Nxg4 Rf8 44. Rc3 Bd4 45. Rc1 e3 46. Re1 Rb8 47. Nxe3 Rxb5 48. Re2 e4 49. Nc2 Ke5 50. Nxd4 Kxd4 51. Rd2+ Ke3 52. Rd6 g5 53. Ra6 Rd5 54. Kh3 Kf3 55. Rf6+ Ke2 56. g4 Kd3 57. Kg2 e3 58. Ra6 Rd4 59. Ra3+ Ke4 60. Kg3 Rd1 61. Ra4+ Kd3 62. Ra3+ Ke2 63. Kg2 Kd2 64. Ra2+ Kd3 65. Ra3+ Ke4 66. Ra4+ Rd4 67. Ra8 Kf4 68. Kf1 Rd2 69. Ke1 Rg2 70. Kf1 Rf2+ 71. Ke1 Kxg4 72. Re8 Kf3 73. Rf8+ Kg3 74. Rg8 g4 0-1

[Event "HUN Ch"]
[Site "Budapest HUN"]
[Date "1976.??.??"]
[Round "12"]
[White "Ribli, Zoltan"]
[Black "Portisch, Ferenc"]
[Result "0-1"]
[WhiteElo "2575"]
[BlackElo "2425"]
[PlyCount "114"]
[EventDate "1976.12.??"]
[Source "www.chesslib.no"]
[SourceDate "2004.05.04"]

1. Nf3 Nf6 2. c4 g6 3. g3 Bg7 4. Bg2 O-O 5. O-O d6 6. Nc3 c6 7. d3 e5 8. Qc2 Bf5 9. Rb1 Re8 10. e4 Bg4 11. Be3 d5 12. cxd5 cxd5 13. exd5 Nxd5 14. Nxd5 Qxd5 15. Ng5 Qd7 16. Qc4 h6 17. Ne4 Be6 18. Qc1 Na6 19. Bxh6 Bxa2 20. Ra1 Bd5 21. Qg5 Qd8 22. Rfc1 Re6 23. Qe3 Rb6 24. h4 Qd7 25. Ra5 Bxe4 26. Bxe4 Re8 27. h5 Bxh6 28. Qxh6 Qh3 29. Bf3 gxh5 30. Qg5+ Rg6 31. Qxh5 Qxh5 32. Bxh5 Rb6 33. Re1 Nb4 34. d4 Nc6 35. Ra4 Rxb2 36. d5 Nb4 37. Rd1 Rd8 38. Bf3 f5 39. Bg2 e4 40. Bf1 a6 41. d6 b5 42. Ra3 Kf7 43. f3 Nc2 44. Rxa6 Ne3 45. Re1 Nxf1 46. Rxf1 e3 47. Re1 Rb3 48. Ra7+ Kf6 49. d7 f4 50. Rd1 Rb2 51. Rd4 fxg3 52. Rf4+ Kg5 53. Re4 e2 54. Ra1 Rxd7 55. Re1 Rd1 56. R4xe2 Rxe1+ 57. Rxe1 Kf4 0-1

[Event "ROM-chT"]
[Site "Sovata"]
[Date "1998.??.??"]
[Round "5"]
[White "Foisor, Ovidiu"]
[Black "Gabriel, Christian"]
[Result "0-1"]
[WhiteElo "2445"]
[BlackElo "2555"]
[PlyCount "116"]
[EventDate "1998.??.??"]
[Source "www.chesslib.no"]
[SourceDate "2004.05.04"]

1. c4 Nf6 2. Nf3 g6 3. g3 Bg7 4. Bg2 O-O 5. O-O d6 6. Nc3 e5 7. d3 Re8 8. Nd2 a5 9. Rb1 c6 10. a3 Be6 11. b4 axb4 12. axb4 d5 13. Qc2 Na6 14. e4 d4 15. Na4 Bf8 16. c5 Nd7 17. Ba3 b5 18. cxb6 Nxb6 19. Nxb6 Qxb6 20. Nc4 Qb5 21. f4 exf4 22. gxf4 Reb8 23. Ne5 Rc8 24. Rfc1 Bxb4 25. Bxb4 Nxb4 26. Qc5 Qxc5 27. Rxc5 Rab8 28. f5 gxf5 29. exf5 Bxf5 30. Nxc6 Nxc6 31. Rxb8 Rxb8 32. Rxf5 Ne7 33. Ra5 Kg7 34. Ra4 Rd8 35. Ra7 Kf8 36. Kf2 Rd6 37. Be4 f5 38. Bf3 Kf7 39. Bd1 Kf6 40. Bb3 h6 41. Kg3 Ng6 42. Rf7+ Ke5 43. h4 Rb6 44. Bc4 Rb1 45. h5 Nf4 46. Re7+ Kd6 47. Rh7 Nxh5+ 48. Kf3 Ke5 49. Rxh6 Nf6 50. Rh2 Ng4 51. Rh8 Rf1+ 52. Kg3 Ne3 53. Re8+ Kd6 54. Rd8+ Kc5 55. Be6 f4+ 56. Kh2 Rf2+ 57. Kh3 Rd2 58. Kh4 Rh2+ 0-1

[Event "Bishkek zt"]
[Site "Bishkek"]
[Date "1993.??.??"]
[Round "?"]
[White "Vakhidov, Tahir"]
[Black "Yurtaev, Leonid"]
[Result "0-1"]
[WhiteElo "2455"]
[BlackElo "2540"]
[PlyCount "70"]
[EventDate "1993.03.??"]
[Source "ChessBase"]

1. c4 g6 2. Nf3 Bg7 3. g3 Nf6 4. Bg2 O-O 5. Nc3 d6 6. O-O e5 7. d3 Re8 8. b3 h6 9. Bb2 c6 10. e4 Na6 11. Rb1 Nc5 12. b4 Ne6 13. a3 a6 14. Re1 Ng5 15. Nxg5 hxg5 16. Bc1 g4 17. Bg5 Qc7 18. Be3 Be6 19. Rc1 Qe7 20. Qd2 Nh7 21. Ne2 Bf6 22. f4 gxf3 23. Bxf3 Ng5 24. Bg2 Bg4 25. Rf1 Ne6 26. Bf3 Bh3 27. Bg2 Bxg2 28. Kxg2 Bg7 29. h4 Rad8 30. Nc3 Rf8 31. h5 f5 32. hxg6 f4 33. Bb6 Qg5 34. Rf3 Rd7 35. Rh1 Qxg6 0-1

[Event "Osijek"]
[Site "?"]
[Date "1978.04.12"]
[Round "5"]
[White "Adorjan Andras"]
[Black "Tringov Georgi P"]
[Result "1/2-1/2"]
[WhiteElo "2515"]
[BlackElo "2480"]
[PlyCount "32"]
[EventDate "1978.??.??"]
[Source "www.chesslib.no"]
[SourceDate "2004.05.04"]

1. c4 e5 2. Nc3 Nf6 3. Nf3 d6 4. g3 g6 5. Bg2 Bg7 6. O-O O-O 7. d3 Re8 8. e4 Nc6 9. Rb1 a5 10. a3 Bg4 11. h3 Bxf3 12. Bxf3 Nd4 13. Bg2 Nd7 14. b4 axb4 15. axb4 c6 16. Kh2 Nf8 1/2-1/2

[Event "Indonesia"]
[Site "Indonesia"]
[Date "1983.??.??"]
[Round "3"]
[White "Handoko, Edhi"]
[Black "Romanishin, Oleg M"]
[Result "0-1"]
[WhiteElo "2420"]
[BlackElo "2575"]
[PlyCount "144"]
[EventDate "1983.11.??"]
[Source "ChessBase"]

1. c4 e5 2. Nc3 Nf6 3. Nf3 d6 4. g3 g6 5. Bg2 Bg7 6. O-O c6 7. d4 Qe7 8. Bg5 O-O 9. Ne4 Bf5 10. Nxf6+ Bxf6 11. Bxf6 Qxf6 12. dxe5 dxe5 13. Qb3 Qe7 14. Rad1 Na6 15. Qc3 Rfe8 16. Nh4 Bg4 17. Rd2 Rad8 18. h3 Rxd2 19. Qxd2 Be6 20. Rc1 f6 21. Qe3 Qc5 22. Qh6 Bf7 23. Be4 Qf8 24. Qe3 Nc5 25. Bg2 Rd8 26. Nf3 a6 27. b4 Ne6 28. Qb6 Qe7 29. e3 Qc7 30. Qxc7 Nxc7 31. Bf1 Kf8 32. a4 Ke7 33. b5 c5 34. Ne1 a5 35. b6 Na6 36. Bg2 Rd7 37. f4 exf4 38. gxf4 Nb4 39. Kf1 Rd6 40. Bxb7 Rxb6 41. Bf3 Be8 42. Ra1 g5 43. Kf2 Rd6 44. fxg5 fxg5 45. Ke2 Bg6 46. Ra3 h6 47. Rb3 Rb6 48. Kd2 Rd6+ 49. Ke2 Be8 50. Ra3 Kf6 51. Ra1 Bf7 52. Rc1 Bg6 53. Ra1 Ke5 54. Ra3 Rd8 55. Ra1 Bf7 56. Rc1 Be8 57. Ra1 Bg6 58. Ra3 h5 59. Ra1 Rd7 60. Ra3 Rh7 61. Bg2 g4 62. hxg4 hxg4 63. Kf2 Rd7 64. Ra1 Rd2+ 65. Kg3 Be4 66. Bxe4 Kxe4 67. Kxg4 Kxe3 68. Kf5 Kf2 69. Kf4 Re2 70. Nf3 Nd3+ 71. Kg4 Re4+ 72. Kf5 Kxf3 0-1

[Event "Yerevan"]
[Site "Yerevan"]
[Date "1980.??.??"]
[Round "2"]
[White "Sunye Neto, Jaime"]
[Black "Romanishin, Oleg M"]
[Result "0-1"]
[WhiteElo "2415"]
[BlackElo "2580"]
[PlyCount "72"]
[EventDate "1980.06.??"]
[Source "ChessBase"]

1. c4 e5 2. Nc3 Nf6 3. g3 g6 4. Bg2 Bg7 5. e4 d6 6. Nge2 O-O 7. O-O Be6 8. b3 Qd7 9. d4 exd4 10. Nxd4 Bh3 11. f3 Bxg2 12. Kxg2 a6 13. Bg5 Re8 14. Qd2 Re5 15. Rac1 Nc6 16. Nde2 Rae8 17. h3 Nd8 18. g4 Ne6 19. Bxf6 Bxf6 20. f4 Rc5 21. b4 Rc6 22. Nd5 Bg7 23. f5 Nd8 24. Qd3 a5 25. Nd4 axb4 26. f6 Bf8 27. Nxc6 Nxc6 28. Qe3 Ra8 29. Rc2 Ra3 30. Qf4 Ne5 31. Nxb4 Qa4 32. Qd2 c5 33. Nd5 Nxc4 34. Qf2 Ne5 35. Qe2 Rd3 36. Nb6 Qa3 0-1

[Event "Hastings (open)"]
[Site "?"]
[Date "1993.??.??"]
[Round "?"]
[White "Sher, M."]
[Black "Tkachiev, V."]
[Result "1/2-1/2"]
[WhiteElo "2535"]
[BlackElo "2455"]
[PlyCount "34"]
[EventDate "1993.??.??"]
[Source "ChessBase"]
[SourceDate "1994.06.01"]

1. c4 Nf6 2. Nc3 g6 3. g3 Bg7 4. Bg2 O-O 5. e4 d6 6. Nge2 e5 7. O-O c5 8. a3 Nc6 9. Rb1 a6 10. b4 cxb4 11. axb4 b5 12. d3 Rb8 13. cxb5 axb5 14. h3 Kh8 15. Be3 Ne7 16. d4 Be6 17. Qd2 d5 1/2-1/2

[Event "BCF-chT 9900 (4NCL)"]
[Site "England"]
[Date "2000.03.25"]
[Round "7"]
[White "Turner, Matthew"]
[Black "Rowson, Jonathan"]
[Result "1-0"]
[WhiteElo "2487"]
[BlackElo "2499"]
[PlyCount "79"]
[EventDate "1999.10.09"]
[Source "ChessBase"]
[SourceDate "2000.05.11"]

1. c4 g6 2. Nc3 Bg7 3. g3 Nf6 4. Bg2 O-O 5. e4 d6 6. Nge2 e5 7. O-O c6 8. d3 a6 9. h3 b5 10. Be3 b4 11. Na4 c5 12. f4 Nc6 13. f5 h5 14. b3 Rb8 15. Qd2 Nh7 16. g4 hxg4 17. hxg4 Bf6 18. Kf2 Bh4+ 19. Ng3 gxf5 20. exf5 e4 21. Bxe4 Ne5 22. Bf4 Nxg4+ 23. Kf3 Ne5+ 24. Ke2 Re8 25. Rh1 Bxg3 26. Rag1 Bxf5 27. Bxf5 Ng6+ 28. Kf3 Bxf4 29. Qxf4 Nhf8 30. Bxg6 Nxg6 31. Rh7 Rf8 32. Rh5 Qe7 33. Rg2 Rbe8 34. Nb6 Qe1 35. Qh6 Qf1+ 36. Rf2 Qxd3+ 37. Kg2 Qe4+ 38. Kh2 Qe5+ 39. Rxe5 Rxe5 40. Nd7 1-0

[Event "Open"]
[Site "Granada ESP"]
[Date "2007.12.08"]
[Round "6"]
[White "Paunovic, D."]
[Black "Cuenca Jimenez, J."]
[Result "1/2-1/2"]
[WhiteElo "2535"]
[BlackElo "2451"]
[PlyCount "102"]
[EventDate "2007.12.05"]
[Source "www.chesslib.no"]
[SourceDate "2004.05.04"]

1. Nf3 Nf6 2. c4 g6 3. g3 Bg7 4. Bg2 O-O 5. O-O d6 6. Nc3 e5 7. d3 c6 8. h3 Re8 9. e4 Nbd7 10. Be3 a6 11. Qd2 b5 12. b3 Nc5 13. Ne2 Ne6 14. Rae1 Rb8 15. Nh2 d5 16. cxd5 cxd5 17. exd5 Nxd5 18. Bh6 Bh8 19. Nf3 Bb7 20. Rd1 Qb6 21. d4 exd4 22. Nexd4 Nxd4 23. Nxd4 Rbd8 24. Bg5 Nf6 25. Bxb7 Qxb7 26. Qa5 Rd5 27. Bxf6 Bxf6 28. Nc2 Rh5 29. Qd2 Rd8 30. Qf4 Rxd1 31. Rxd1 Rxh3 32. f3 Kg7 33. Ne3 Rh5 34. Ng4 Bc3 35. Rd3 Qb6+ 36. Kg2 b4 37. Qe3 Qxe3 38. Nxe3 Ra5 39. a4 bxa3 40. Rxc3 a2 41. Nc2 Rd5 42. Rc6 Rd2+ 43. Kh3 Rxc2 44. Rxa6 h5 45. g4 Rc3 46. Kg3 h4+ 47. Kxh4 Rxf3 48. Rxa2 Rxb3 49. g5 Rb4+ 50. Kg3 Kf8 51. Ra8+ Ke7 1/2-1/2

[Event "Zenica"]
[Site "Zenica"]
[Date "1986.??.??"]
[Round "12"]
[White "Abramovic, Bosko"]
[Black "Zapata, Alonso"]
[Result "0-1"]
[WhiteElo "2490"]
[BlackElo "2495"]
[PlyCount "86"]
[EventDate "1986.04.??"]
[Source "www.chesslib.no"]
[SourceDate "2004.05.04"]

1. g3 g6 2. Bg2 Bg7 3. c4 e5 4. Nc3 d6 5. e3 Nf6 6. Nge2 O-O 7. b3 Re8 8. Bb2 c6 9. O-O Nbd7 10. h3 h5 11. Qc2 Qe7 12. Rae1 a5 13. d3 Nc5 14. e4 h4 15. g4 Ne6 16. f4 Nh7 17. Kh1 Bd7 18. Bc1 exf4 19. Nxf4 Nxf4 20. Bxf4 Nf8 21. Ne2 Ne6 22. Be3 c5 23. Qd2 Bc6 24. Nf4 Be5 25. Nd5 Qd8 26. Qf2 Rf8 27. Bh6 Bg3 28. Nf6+ Kh8 29. Qe3 Be5 30. Bxf8 Bxf6 31. Rxf6 Qxf6 32. Bxd6 Rd8 33. Rf1 Qc3 34. Be7 Rxd3 35. Bf6+ Kg8 36. Bxc3 Rxe3 37. Bxa5 g5 38. Re1 Rd3 39. Bb6 Rd2 40. Kg1 Rxa2 41. b4 cxb4 42. Re3 Ra6 43. c5 Ra3 0-1

[Event "Karditsa"]
[Site "Karditsa"]
[Date "1994.??.??"]
[Round "11"]
[White "Andrianov, Nikolai"]
[Black "Kotronias, Vasilios"]
[Result "0-1"]
[WhiteElo "2435"]
[BlackElo "2545"]
[PlyCount "100"]
[EventDate "1994.03.??"]
[Source "ChessBase"]

1. Nf3 Nf6 2. c4 g6 3. g3 Bg7 4. Bg2 O-O 5. O-O d6 6. Nc3 e5 7. d3 h6 8. Rb1 a5 9. a3 Re8 10. e4 c6 11. h3 Na6 12. Bd2 Bd7 13. Ne1 Nc7 14. Nc2 b5 15. cxb5 Nxb5 16. Nxb5 cxb5 17. Ne3 h5 18. h4 Qb6 19. Rc1 a4 20. Qe2 Be6 21. Nd5 Nxd5 22. exd5 Bg4 23. Bf3 Qd4 24. Bxg4 hxg4 25. Bc3 Qxd5 26. Qxg4 Rac8 27. h5 gxh5 28. Qxh5 Re6 29. Qg4 Qb7 30. Rce1 Rh6 31. Qe4 d5 32. Qg2 Re8 33. f4 e4 34. dxe4 dxe4 35. f5 Bxc3 36. bxc3 Qd5 37. Rf4 Qc5+ 38. Qf2 Qxc3 39. Rfxe4 Rxe4 40. Rxe4 Qxa3 41. Kg2 Qc1 42. Kf3 Qd1+ 43. Kf4 Rh1 44. Ke5 Qa1+ 45. Kd5 Rd1+ 46. Kc6 Qf6+ 47. Kxb5 Rb1+ 48. Rb4 Qe5+ 49. Kxa4 Qe8+ 50. Ka3 Qa8+ 0-1

[Event "It"]
[Site "Vancouver"]
[Date "1975.??.??"]
[Round "9"]
[White "Watson, John L"]
[Black "Browne, Walter S"]
[Result "0-1"]
[WhiteElo "2430"]
[BlackElo "2550"]
[PlyCount "62"]
[EventDate "1975.??.??"]
[Source "www.chesslib.no"]
[SourceDate "2004.05.04"]

1. c4 Nf6 2. Nc3 g6 3. g3 Bg7 4. Bg2 O-O 5. e4 d6 6. Nge2 e5 7. O-O Nbd7 8. f4 c6 9. h3 b5 10. cxb5 cxb5 11. a3 Bb7 12. Kh2 a5 13. d4 b4 14. dxe5 dxe5 15. fxe5 Nxe5 16. Nd5 Nxd5 17. exd5 Nc4 18. Qb3 Ba6 19. axb4 Rb8 20. Rf4 Rxb4 21. Qxb4 axb4 22. Rxa6 Nxb2 23. Bxb2 Bxb2 24. Rxb4 Be5 25. Rb7 Qc8 26. Rab6 Qc4 27. Bf3 Ra8 28. Rb4 Qd3 29. Rb3 Qd2 30. d6 Bxd6 31. Rd7 Re8 0-1

[Event "Berlin 73/24"]
[Site "?"]
[Date "1998.??.??"]
[Round "?"]
[White "Narciso Dublain, Marc"]
[Black "Golubev, Mihail"]
[Result "0-1"]
[WhiteElo "2460"]
[BlackElo "2515"]
[PlyCount "106"]
[EventDate "1998.??.??"]
[Source "ChessBase"]
[SourceDate "1998.06.01"]

1. c4 g6 2. g3 Bg7 3. Bg2 e5 4. Nc3 d6 5. e3 Nf6 6. Nge2 O-O 7. O-O Re8 8. d3 h5 9. Bd2 h4 10. gxh4 Nc6 11. Ng3 Ng4 12. h3 Nh6 13. Nd5 Ne7 14. h5 Nxd5 15. cxd5 Qh4 16. hxg6 fxg6 17. Rc1 Bxh3 18. Rc4 e4 19. Nxe4 b5 20. Rxc7 Bxg2 21. Rxg7+ Kxg7 22. Bc3+ Kg8 23. Kxg2 Rxe4 24. dxe4 Ng4 25. Kf3 Rf8+ 26. Ke2 Rxf2+ 27. Rxf2 Qxf2+ 28. Kd3 Qxe3+ 29. Kc2 Qxe4+ 30. Kc1 b4 31. Qd4 Qh1+ 32. Kc2 Qg2+ 33. Bd2 a5 34. Kb3 Ne5 35. Bf4 Qe2 36. Ka4 Nd3 37. Kxa5 Nxb2 38. Qf6 Qe4 39. Qxb2 Qxd5+ 40. Kxb4 Qe4+ 41. Ka5 Qa8+ 42. Kb4 Qe4+ 43. Ka5 Qxf4 44. Qb3+ Kg7 45. a4 g5 46. Kb6 g4 47. a5 Qf2+ 48. Kb5 g3 49. Qc3+ Kg6 50. Qb4 g2 51. Qxd6+ Qf6 52. Qb8 Qb2+ 53. Ka6 Qe2+ 0-1

[Event "Balaguer op-6"]
[Site "Balaguer, Lleida"]
[Date "2001.07.19"]
[Round "4"]
[White "Lazarev, Vladimir"]
[Black "Mirzoev, Azer"]
[Result "1/2-1/2"]
[WhiteElo "2459"]
[BlackElo "2516"]
[PlyCount "21"]
[EventDate "2001.07.16"]
[Source "www.chesslib.no"]
[SourceDate "2004.05.04"]

1. Nf3 Nf6 2. c4 g6 3. g3 Bg7 4. Bg2 O-O 5. O-O d6 6. Nc3 e5 7. d3 Nbd7 8. Rb1 a5 9. a3 Re8 10. b4 axb4 11. axb4 1/2-1/2

[Event "Europa ch 2008"]
[Site "Plovdiv BUL"]
[Date "2008.04.27"]
[Round "7.105"]
[White "Dimitrov, Radoslav"]
[Black "Novikov, Stanislav"]
[Result "0-1"]
[WhiteElo "2409"]
[BlackElo "2564"]
[PlyCount "80"]
[EventDate "2008.04.21"]
[Source "www.chesslib.no"]
[SourceDate "2004.05.04"]

1. c4 g6 2. Nc3 Bg7 3. g3 Nf6 4. Bg2 O-O 5. e3 d6 6. Nge2 e5 7. O-O Nbd7 8. d3 a5 9. b3 c6 10. Bb2 Nb6 11. Ba3 Re8 12. Ne4 Bf8 13. Nxf6+ Qxf6 14. Nc3 Be6 15. Ne4 Qd8 16. f4 Bf5 17. g4 Bxe4 18. dxe4 Nd7 19. Kh1 Qb6 20. Qf3 exf4 21. exf4 d5 22. Bb2 dxe4 23. Qc3 f6 24. g5 e3 25. gxf6 Kf7 26. f5 Bb4 27. fxg6+ hxg6 28. Qd3 Rad8 29. Qe2 Nf8 30. Qg4 e2 31. Qh4 exf1=Q+ 32. Rxf1 Re2 33. Qh8 Rxg2 34. Qg7+ Ke6 35. Qg8+ Kd7 36. Kxg2 Kc8 37. Qf7 Rd2+ 38. Kf3 Rd3+ 39. Kg4 Qe3 40. Rf2 Qh3+ 0-1

[Event "Lewkowitz Memorial C"]
[Site "Lewkowitz Memorial C"]
[Date "1994.??.??"]
[Round "?"]
[White "Fraga Portilho, Gilberto"]
[Black "Martello, Juan Alberto"]
[Result "1-0"]
[WhiteElo "2445"]
[BlackElo "2525"]
[PlyCount "69"]
[EventDate "1994.??.??"]
[Source "www.chesslib.no"]
[SourceDate "2004.05.04"]

1. c4 Nf6 2. g3 g6 3. Bg2 Bg7 4. Nc3 O-O 5. e4 d6 6. Nge2 e5 7. O-O c6 8. d3 Na6 9. h3 Be6 10. f4 Qd7 11. Kh2 Ne8 12. Be3 f5 13. exf5 Rxf5 14. g4 Rf8 15. Qd2 Nec7 16. fxe5 Bxe5+ 17. Kg1 d5 18. d4 Bg7 19. c5 h5 20. gxh5 Bxh3 21. Nf4 Bxg2 22. Qxg2 Rae8 23. Nxg6 Rxf1+ 24. Rxf1 Rxe3 25. h6 Ne6 26. hxg7 Qxg7 27. Qg4 Nb4 28. Kg2 Kh7 29. Rh1+ Kg8 30. Rh8+ Qxh8 31. Nxh8+ Kxh8 32. Kh2 Kh7 33. a3 Nd3 34. Nd1 Re4 35. Qh3+ 1-0

[Event "Cannes op"]
[Site "Cannes"]
[Date "1996.??.??"]
[Round "3"]
[White "Bauer, Christian"]
[Black "Cvitan, Ognjen"]
[Result "1/2-1/2"]
[WhiteElo "2430"]
[BlackElo "2540"]
[PlyCount "94"]
[EventDate "1996.02.??"]
[Source "ChessBase"]

1. Nf3 Nf6 2. g3 g6 3. Bg2 Bg7 4. O-O O-O 5. c4 d6 6. Nc3 e5 7. d3 Re8 8. e4 a5 9. a3 Nbd7 10. Rb1 c6 11. b4 axb4 12. axb4 Nf8 13. Bb2 Bd7 14. Ra1 b5 15. cxb5 cxb5 16. d4 Rc8 17. Ra6 Rc6 18. Rxc6 Bxc6 19. Qd3 Qb6 20. d5 Bd7 21. Rc1 Rc8 22. Nd1 Ra8 23. Ra1 Rxa1 24. Bxa1 Qa7 25. Bc3 Qa4 26. Ne1 Ne8 27. Qc2 Qa7 28. Bd2 h5 29. Be3 Qa1 30. Bf3 Nh7 31. Qb2 Qa6 32. Be2 Bf6 33. Nc2 Bd8 34. Qa3 Qc8 35. Qc3 Qb8 36. h4 Nhf6 37. f3 Nc7 38. Qa3 Nfe8 39. Nc3 f5 40. exf5 Bxf5 41. Qb3 Nf6 42. Bf2 Bd7 43. Ne3 Kg7 44. Bd3 Be8 45. Ne4 Be7 46. Nxf6 Bxf6 47. Be4 Bf7 1/2-1/2

[Event "Krusevac (m/2)"]
[Site "?"]
[Date "1994.??.??"]
[Round "?"]
[White "Skembris, S."]
[Black "Vukic, M."]
[Result "1-0"]
[WhiteElo "2525"]
[BlackElo "2445"]
[PlyCount "69"]
[EventDate "1994.??.??"]
[Source "ChessBase"]
[SourceDate "1994.06.01"]

1. c4 Nf6 2. Nc3 g6 3. g3 Bg7 4. Bg2 O-O 5. e4 d6 6. Nge2 e5 7. O-O c5 8. h3 Nc6 9. d3 Nd4 10. Nxd4 exd4 11. Ne2 Ne8 12. b4 cxb4 13. a3 bxa3 14. Rxa3 Nc7 15. Bb2 Ne6 16. Qa1 a6 17. Nxd4 Nc5 18. Ne2 Bxb2 19. Qxb2 f6 20. Nf4 Rb8 21. d4 Ne6 22. Nxe6 Bxe6 23. d5 Bd7 24. Rc1 a5 25. Rb3 Qc7 26. Rb6 Bc8 27. c5 dxc5 28. d6 Qd8 29. Rxc5 a4 30. Rc7 Be6 31. Qb4 Rf7 32. Qxa4 Ra8 33. Qb5 Ra6 34. Rxa6 bxa6 35. Qxa6 1-0